Estado y subversión en Colombia la violencia en el Quindío años 50 (Registro nro. 29917)
[ vista simple ]
| 000 -ENCABEZADO | |
|---|---|
| Número de control [NR] | 00760nam a2200205Ia 4500 |
| 008 - DE LONGITUD FIJA DE DATOS DE ELEMENTOS - INFORMACIÓN GENERAL | |
| Elementos de longitud fija [NR] | 130821s1985 ck gr spa |
| 020 ## - NUMERO INTERNACIONAL NORMALIZADO PARA LIBROS [R] | |
| Número Internacional Normalizado del libro [NR] | 9589061109 |
| 040 ## - FUENTE DE CATALOGACION [NR] | |
| Agencia de catalogación original [NR] | Co-BoUCM |
| Idioma de catalogación [NR] | spa |
| 041 00 - CODIGO DE IDIOMA [R] | |
| Código de idioma para texto/pista de sonido o título separado [R] | Español |
| 100 ## - ASIENTO PRINCIPAL--NOMBRE PERSONAL [NR] | |
| Nombre personal [NR] | Ortíz Sarmiento, Carlos Miguel |
| ID Autoridad | 122273 |
| 245 00 - MENCION DE TITULO [NR] | |
| Título [NR] | Estado y subversión en Colombia la violencia en el Quindío años 50 |
| Mención de responsabilidad, etc. [NR] | Carlos Miguel Ortiz Sarmiento. |
| 260 ## - PUBLICACION, DISTRIBUCION, ETC. (PIE DE IMPRENTA) [R] | |
| Lugar de publicación, distribución, etc. [R] | Bogotá (Colombia) |
| Nombre del editor, distribuidor, etc. [R] | CEREC |
| Fecha de publicación, distribución, etc. [R] | 1985 |
| 300 ## - DESCRIPCION FISICA [R] | |
| Extensión [R] | 383 páginas |
| 490 ## - MENCION DE SERIE [R] | |
| Mención de serie [R] | Historia Contemporánea |
| Designación numérica/secuencial del volumen [NR] | 4 |
| 650 04 - ASIENTO SECUNDARIO DE MATERIA - TERMINO TEMATICO [R] | |
| Término temático o nombre geográfico como elemento de entrada [NR] | Actividades subversivas |
| Subdivisión general [R] | Quindío (Colombia) |
| 9 (RLIN) | 8444 |
| 650 04 - ASIENTO SECUNDARIO DE MATERIA - TERMINO TEMATICO [R] | |
| Término temático o nombre geográfico como elemento de entrada [NR] | Problemas sociales |
| 9 (RLIN) | 22324 |
| 710 ## - ASIENTO SECUNDARIO - NOMBRE CORPORATIVO [R] | |
| Nombre corporativo o de jurisdicción como elemento de entrada [NR] | Centro de Estudios de la Realidad Colombiana. CEREC |
| 9 (RLIN) | 42242 |
| 942 ## - ELEMENTOS DE ENTRADA AGREGADOS (KOHA) | |
| Tipo de ítem principal el descrito en 300a | Libro |
| Tema principal | Ciencia política |
| Edición | 1 |
| Parte restante de la signatura top. | O77 |
| Sistema de clasificación | DEWEY |
| Clasificación | 327.12 |
| Fecha de último préstamo | Total préstamos | Total Renewals | Signatura topográfica | Código de barras | Última vez visto | Volúmen / Fascículo | Ejemplar | Price effective from | Tipo de ítem | Perdido | Sistema de clasificación | Dañado | No prestable | Tipo de ítem específico | Suprimido | Ubicación habitual | Ubicación actual | Localización | Fecha de creación | Forma de adquisición | Costo |
|---|---|---|---|---|---|---|---|---|---|---|---|---|---|---|---|---|---|---|---|---|---|
| 20/01/2017 | 28 | 1 | 327.12 O77 | 100024213 | 06/06/2024 | 1a. Ed. | Ej.1 | 03/02/2013 | Libro | DEWEY | Libro | Bodega | Bodega | 3er piso | 28/02/2003 | Donación | 800.00 |